00888cas a2200205 a 45000220014000000820012000142450049000262600078000753000017001534900046001704900017002165000161002335000043003945000147004376500012005846500013005967000026006097000024006357000023006590 a1050-810410a695 ROO10aRoofing Research and Standards Development : aPhiladelphia, PA :b[American Society for Testing and Materials],cc1987- av. :bill. ;1 a1987: ASTM special technical publication,1 a1990- : STP, aPapers presented at the symposium of the same name sponsored by ASTM Committee D-8 on Roofing, Waterproofing, and Bituminous Materials, [1st] vol.-4th vol.; aPublished by ASTM International, 2003- aEditors: Richard A. Critchell, 1987; Walter J. Rossiter, Jr. and Thomas J. Wallace, 1990; Thomas J. Wallace and Walter J. Rossiter, Jr., 1994- 0aRoofing 7aRoofing.1 aCritchell, Richard A.1 aRossiter, Walter J.1 aWallace, Thomas J.